[Event "DEM U12 2022"]
[Site "Willingen GER"]
[Date "2022.06.11"]
[Round "9"]
[White "Lu, Yunong Elias"]
[Black "Stichter, Constantin Paul"]
[Result "1/2-1/2"]
[Termination "normal"]
[Board "2"]
[WhiteElo "1671"]
[BlackElo "1472"]
[WhiteClock "00:02:13"]
[BlackClock "00:35:36"]
[PlyCount "63"]
[WhiteFideId "16276426"]
[BlackFideId "34603140"]
[EventCountry "GER"]
[EventRounds "9"]
[EventType "swiss"]
[EventDate "2022.06.04"]

1. e4 {[%clk 01:30:59]} e6 {[%clk 01:30:55]} {[%emt 00:00:06]} 2. d4 {[%clk
01:31:16]} {[%emt 00:00:12]} d5 {[%clk 01:31:24]} {[%emt 00:00:02]} 3. Bd3
{[%clk 01:31:09]} {[%emt 00:00:37]} dxe4 {[%clk 01:31:32]} {[%emt 00:00:22]} 4.
Bxe4 {[%clk 01:31:23]} {[%emt 00:00:15]} Nf6 {[%clk 01:31:57]} {[%emt
00:00:06]} 5. Bf3 {[%clk 01:31:35]} {[%emt 00:00:18]} c5 {[%clk 01:31:46]}
{[%emt 00:00:41]} 6. Ne2 {[%clk 01:30:57]} {[%emt 00:01:07]} Nc6 {[%clk
01:31:27]} {[%emt 00:00:50]} 7. Be3 {[%clk 01:29:59]} {[%emt 00:01:27]} Qb6
{[%clk 01:25:02]} {[%emt 00:06:56]} 8. b3 {[%clk 01:21:57]} {[%emt 00:08:32]}
Bd7 {[%clk 01:22:39]} {[%emt 00:02:53]} 9. O-O {[%clk 01:16:17]} {[%emt
00:06:11]} cxd4 {[%clk 01:19:45]} {[%emt 00:03:23]} 10. Nxd4 {[%clk 01:10:06]}
{[%emt 00:06:40]} Bc5 {[%clk 01:18:44]} {[%emt 00:01:31]} 11. c3 {[%clk
00:58:32]} {[%emt 00:12:05]} Ne5 {[%clk 01:06:27]} {[%emt 00:12:47]} 12. b4
{[%clk 00:49:30]} {[%emt 00:09:31]} Bxd4 {[%clk 01:06:25]} {[%emt 00:00:33]}
13. Bxd4 {[%clk 00:46:32]} {[%emt 00:03:28]} Nxf3+ {[%clk 01:04:04]} {[%emt
00:02:51]} 14. Qxf3 {[%clk 00:46:29]} {[%emt 00:00:31]} Qc6 {[%clk 00:53:50]}
{[%emt 00:10:46]} 15. Qxc6 {[%clk 00:36:29]} {[%emt 00:10:30]} Bxc6 {[%clk
00:52:51]} {[%emt 00:01:29]} 16. Bxf6 {[%clk 00:36:44]} {[%emt 00:00:14]} gxf6
{[%clk 00:53:19]} {[%emt 00:00:03]} 17. a4 {[%clk 00:26:39]} {[%emt 00:10:35]}
Ke7 {[%clk 00:49:46]} {[%emt 00:04:04]} 18. b5 {[%clk 00:21:10]} {[%emt
00:05:59]} Bd5 {[%clk 00:48:06]} {[%emt 00:02:09]} 19. Na3 {[%clk 00:15:36]}
{[%emt 00:06:03]} Rac8 {[%clk 00:47:44]} {[%emt 00:00:53]} 20. Rac1 {[%clk
00:14:05]} {[%emt 00:02:00]} Bc4 {[%clk 00:45:49]} {[%emt 00:02:25]} 21. Rfd1
{[%clk 00:12:56]} {[%emt 00:01:37]} e5 {[%clk 00:45:56]} {[%emt 00:00:26]} 22.
Rd2 {[%clk 00:09:30]} {[%emt 00:03:53]} Rc7 {[%clk 00:41:50]} {[%emt 00:04:39]}
23. Rb2 {[%clk 00:06:32]} {[%emt 00:03:28]} Rc5 {[%clk 00:41:03]} {[%emt
00:01:17]} 24. Rb4 {[%clk 00:05:49]} {[%emt 00:01:13]} Rhc8 {[%clk 00:39:33]}
{[%emt 00:02:01]} 25. f3 {[%clk 00:04:32]} {[%emt 00:01:44]} f5 {[%clk
00:37:45]} {[%emt 00:02:19]} 26. Kf2 {[%clk 00:04:38]} {[%emt 00:00:25]} Ke6
{[%clk 00:37:42]} {[%emt 00:00:34]} 27. Ke3 {[%clk 00:03:57]} {[%emt 00:01:10]}
f4+ {[%clk 00:36:41]} {[%emt 00:01:32]} 28. Kd2 {[%clk 00:03:51]} {[%emt
00:00:36]} f5 {[%clk 00:36:44]} {[%emt 00:00:27]} 29. Kc2 {[%clk 00:02:58]}
{[%emt 00:01:22]} e4 {[%clk 00:35:42]} {[%emt 00:01:32]} 30. Nxc4 {[%clk
00:02:09]} {[%emt 00:01:20]} Rxc4 {[%clk 00:36:10]} {[%emt 00:00:01]} 31. Kb3
{[%clk 00:02:37]} {[%emt 00:00:02]} Rxb4+ {[%clk 00:35:36]} {[%emt 00:01:03]}
32. Kxb4 {[%clk 00:02:13]} {[%emt 00:00:24]} 1/2-1/2

[Event "DEM U12 2022"]
[Site "Willingen GER"]
[Date "2022.06.11"]
[Round "9"]
[White "Neuhoff, Laertes"]
[Black "Bangert, Jonas"]
[Result "0-1"]
[Termination "normal"]
[Board "9"]
[WhiteElo "1990"]
[BlackElo "1483"]
[WhiteClock "00:05:15"]
[BlackClock "00:01:44"]
[PlyCount "60"]
[WhiteFideId "16279719"]
[BlackFideId "16289650"]
[EventCountry "GER"]
[EventRounds "9"]
[EventType "swiss"]
[EventDate "2022.06.04"]

1. e4 {[%clk 01:30:59]} c5 {[%clk 01:30:56]} {[%emt 00:00:04]} 2. Nf3 {[%clk
01:31:21]} {[%emt 00:00:09]} Nc6 {[%emt 00:00:05]} 3. d4 {[%clk 01:31:42]}
{[%emt 00:00:08]} cxd4 {[%clk 01:31:47]} {[%emt 00:00:04]} 4. Nxd4 {[%clk
01:32:02]} {[%emt 00:00:09]} e5 {[%clk 01:31:55]} {[%emt 00:00:22]} 5. Nb5
{[%clk 01:32:15]} {[%emt 00:00:17]} d6 {[%clk 01:32:08]} {[%emt 00:00:17]} 6.
N1c3 {[%clk 01:24:59]} {[%emt 00:07:46]} a6 {[%clk 01:32:32]} {[%emt 00:00:07]}
7. Na3 {[%clk 01:25:15]} {[%emt 00:00:14]} b5 {[%clk 01:32:50]} {[%emt
00:00:11]} 8. Nd5 {[%clk 01:21:48]} {[%emt 00:03:57]} Nge7 {[%clk 01:33:14]}
{[%emt 00:00:07]} 9. c4 {[%clk 01:03:15]} {[%emt 00:19:03]} Nd4 {[%clk
01:32:03]} {[%emt 00:01:41]} 10. Be3 {[%clk 00:52:59]} {[%emt 00:10:45]} Nxd5
{[%clk 01:21:07]} {[%emt 00:11:26]} 11. cxd5 {[%clk 00:47:20]} {[%emt
00:06:09]} f5 {[%clk 00:50:49]} {[%emt 00:30:49]} 12. Bxd4 {[%clk 00:40:41]}
{[%emt 00:07:09]} exd4 {[%clk 00:50:15]} {[%emt 00:01:04]} 13. Qxd4 {[%clk
00:40:12]} {[%emt 00:00:59]} fxe4 {[%clk 00:30:29]} {[%emt 00:20:15]} 14. Qxe4+
{[%clk 00:38:46]} {[%emt 00:01:56]} Be7 {[%clk 00:30:49]} {[%emt 00:00:10]} 15.
Bd3 {[%clk 00:36:53]} {[%emt 00:02:23]} Qa5+ {[%clk 00:16:02]} {[%emt
00:15:17]} 16. Kf1 {[%clk 00:33:17]} {[%emt 00:04:06]} g6 {[%clk 00:14:13]}
{[%emt 00:02:19]} 17. g4 {[%clk 00:29:32]} {[%emt 00:04:14]} Qb6 {[%clk
00:11:40]} {[%emt 00:03:05]} 18. Re1 {[%clk 00:15:00]} {[%emt 00:15:01]} O-O
{[%clk 00:10:07]} {[%emt 00:02:03]} 19. Re2 {[%clk 00:15:14]} {[%emt 00:00:16]}
Bh4 {[%clk 00:10:01]} {[%emt 00:00:36]} 20. f3 {[%clk 00:15:08]} {[%emt
00:00:36]} Bd7 {[%clk 00:09:21]} {[%emt 00:01:10]} 21. Qe3 {[%clk 00:12:59]}
{[%emt 00:02:39]} Qxe3 {[%clk 00:06:48]} {[%emt 00:03:04]} 22. Rxe3 {[%clk
00:13:28]} Bxg4 {[%clk 00:06:42]} {[%emt 00:00:35]} 23. Kg2 {[%clk 00:10:03]}
{[%emt 00:03:55]} Bg5 {[%clk 00:05:19]} {[%emt 00:01:53]} 24. f4 {[%clk
00:08:30]} {[%emt 00:02:04]} Rxf4 {[%clk 00:03:10]} {[%emt 00:02:39]} 25. Rhe1
{[%clk 00:07:53]} {[%emt 00:01:07]} Raf8 {[%clk 00:02:48]} {[%emt 00:00:52]}
26. Kg3 {[%clk 00:06:29]} {[%emt 00:01:53]} Bf3 {[%clk 00:02:16]} {[%emt
00:01:03]} 27. Kh3 {[%clk 00:04:59]} {[%emt 00:02:00]} Rh4+ {[%clk 00:01:55]}
{[%emt 00:00:51]} 28. Kg3 {[%clk 00:05:18]} {[%emt 00:00:11]} Rg4+ {[%clk
00:01:47]} {[%emt 00:00:39]} 29. Kf2 {[%clk 00:04:56]} {[%emt 00:00:52]} Bh4+
{[%clk 00:01:43]} {[%emt 00:00:33]} 30. Kf1 {[%clk 00:05:15]} {[%emt 00:00:12]}
Bd1+ {[%clk 00:01:44]} {[%emt 00:00:29]} 0-1

[Event "DEM U12 2022"]
[Site "Willingen GER"]
[Date "2022.06.11"]
[Round "9"]
[White "Mandalka, Justus"]
[Black "Glöckler, Christian"]
[Result "0-1"]
[Termination "normal"]
[Board "10"]
[WhiteElo "1402"]
[BlackElo "1847"]
[WhiteClock "00:13:48"]
[BlackClock "00:16:58"]
[PlyCount "84"]
[WhiteFideId "16298144"]
[BlackFideId "34608966"]
[EventCountry "GER"]
[EventRounds "9"]
[EventType "swiss"]
[EventDate "2022.06.04"]

1. e4 {[%clk 01:30:53]} {[%emt 00:00:06]} c5 {[%clk 01:30:54]} {[%emt
00:00:07]} 2. Nf3 {[%clk 01:31:18]} {[%emt 00:00:05]} d6 {[%clk 01:31:16]}
{[%emt 00:00:08]} 3. d4 {[%clk 01:31:43]} {[%emt 00:00:04]} cxd4 {[%clk
01:31:42]} {[%emt 00:00:05]} 4. Nxd4 {[%clk 01:32:07]} {[%emt 00:00:05]} Nf6
{[%clk 01:32:09]} {[%emt 00:00:04]} 5. Nc3 {[%clk 01:32:28]} {[%emt 00:00:09]}
a6 {[%clk 01:32:37]} {[%emt 00:00:03]} 6. g3 {[%clk 01:32:39]} {[%emt
00:00:18]} e5 {[%clk 01:32:48]} {[%emt 00:00:19]} 7. Nde2 {[%clk 01:33:04]}
{[%emt 00:00:05]} Be7 {[%clk 01:32:28]} {[%emt 00:00:50]} 8. Bg2 {[%clk
01:33:26]} {[%emt 00:00:08]} O-O {[%clk 01:32:46]} {[%emt 00:00:13]} 9. O-O
{[%clk 01:33:28]} {[%emt 00:00:28]} Nc6 {[%clk 01:32:56]} {[%emt 00:00:20]} 10.
Nd5 {[%clk 01:32:49]} {[%emt 00:01:08]} Nxd5 {[%clk 01:32:04]} {[%emt
00:01:22]} 11. Qxd5 {[%clk 01:31:02]} {[%emt 00:02:18]} Qc7 {[%clk 01:31:36]}
{[%emt 00:00:58]} 12. Qd1 {[%clk 01:27:34]} {[%emt 00:03:57]} Be6 {[%clk
01:30:50]} {[%emt 00:01:17]} 13. Be3 {[%clk 01:25:43]} {[%emt 00:02:21]} Rac8
{[%clk 01:29:33]} {[%emt 00:01:48]} 14. Nc3 {[%clk 01:18:37]} {[%emt 00:07:35]}
Na5 {[%clk 01:25:59]} {[%emt 00:04:04]} 15. f4 {[%clk 01:13:28]} {[%emt
00:05:39]} Nc4 {[%clk 01:25:38]} {[%emt 00:00:51]} 16. Bc1 {[%clk 01:13:51]}
{[%emt 00:00:06]} Qb6+ {[%clk 01:22:17]} {[%emt 00:03:52]} 17. Kh1 {[%clk
01:14:12]} {[%emt 00:00:09]} Nxb2 {[%clk 01:19:23]} {[%emt 00:03:25]} 18. Qf3
{[%clk 01:10:53]} {[%emt 00:03:48]} Qb4 {[%clk 01:12:32]} {[%emt 00:07:22]} 19.
Rb1 {[%clk 01:05:21]} {[%emt 00:06:02]} Qxc3 {[%clk 01:09:11]} {[%emt
00:03:50]} 20. Qxc3 {[%clk 01:03:57]} {[%emt 00:01:55]} Rxc3 {[%clk 01:09:31]}
{[%emt 00:00:10]} 21. Rxb2 {[%clk 01:04:18]} {[%emt 00:00:09]} b5 {[%clk
01:08:57]} {[%emt 00:01:03]} 22. Bd2 {[%clk 01:02:47]} {[%emt 00:02:01]} Rc4
{[%clk 01:08:41]} {[%emt 00:00:46]} 23. Bb4 {[%clk 00:59:05]} {[%emt 00:04:12]}
f6 {[%clk 01:06:57]} {[%emt 00:02:14]} 24. Rd1 {[%clk 00:56:20]} {[%emt
00:03:15]} Rd8 {[%clk 01:06:29]} {[%emt 00:00:58]} 25. c3 {[%clk 00:55:06]}
{[%emt 00:01:44]} Kf7 {[%clk 01:02:19]} {[%emt 00:04:41]} 26. Rbd2 {[%clk
00:52:45]} {[%emt 00:02:51]} Rc6 {[%clk 01:02:20]} {[%emt 00:00:28]} 27. Bf3
{[%clk 00:48:17]} {[%emt 00:04:58]} Ke8 {[%clk 01:01:00]} {[%emt 00:01:50]} 28.
Ra1 {[%clk 00:44:50]} {[%emt 00:03:57]} Rc4 {[%clk 00:41:05]} {[%emt 00:20:25]}
29. f5 {[%clk 00:36:05]} {[%emt 00:09:15]} Bc8 {[%clk 00:38:28]} {[%emt
00:03:07]} 30. a4 {[%clk 00:30:34]} {[%emt 00:06:01]} bxa4 {[%clk 00:36:57]}
{[%emt 00:02:01]} 31. Rxa4 {[%clk 00:27:24]} {[%emt 00:03:39]} Bb7 {[%clk
00:30:38]} {[%emt 00:06:51]} 32. Kg2 {[%clk 00:25:52]} {[%emt 00:02:01]} Ra8
{[%clk 00:25:30]} {[%emt 00:05:38]} 33. Re2 {[%clk 00:24:28]} {[%emt 00:01:55]}
Kd7 {[%clk 00:24:30]} {[%emt 00:01:26]} 34. Kf2 {[%clk 00:23:25]} {[%emt
00:01:36]} Bd8 {[%clk 00:23:12]} {[%emt 00:01:48]} 35. Rea2 {[%clk 00:14:35]}
{[%emt 00:09:21]} Bb6+ {[%clk 00:22:03]} {[%emt 00:01:39]} 36. Kg2 {[%clk
00:13:53]} {[%emt 00:01:11]} a5 {[%clk 00:18:37]} {[%emt 00:03:56]} 37. Be2
{[%clk 00:13:27]} {[%emt 00:00:56]} Rxe4 {[%clk 00:17:53]} {[%emt 00:01:14]}
38. Bb5+ {[%clk 00:13:42]} {[%emt 00:00:15]} Kc7 {[%clk 00:17:01]} {[%emt
00:01:22]} 39. Kh3 {[%clk 00:13:14]} {[%emt 00:00:58]} Ra7 {[%clk 00:15:52]}
{[%emt 00:01:40]} 40. Bxa5 {[%clk 00:13:09]} {[%emt 00:00:34]} Rxa5 {[%clk
00:16:11]} {[%emt 00:00:11]} 41. Rxa5 {[%clk 00:13:30]} {[%emt 00:00:10]} Bxa5
{[%clk 00:16:34]} {[%emt 00:00:07]} 42. Rxa5 {[%clk 00:13:48]} {[%emt
00:00:11]} Kb6 {[%clk 00:16:58]} {[%emt 00:00:07]} 0-1

[Event "DEM U12 2022"]
[Site "Willingen GER"]
[Date "2022.06.11"]
[Round "9"]
[White "Burkart, Lloyd Shang"]
[Black "Dodul, Arthur"]
[Result "1/2-1/2"]
[Termination "normal"]
[Board "13"]
[WhiteElo "1559"]
[BlackElo "1443"]
[WhiteClock "00:01:14"]
[BlackClock "00:29:14"]
[PlyCount "99"]
[WhiteFideId "16239059"]
[BlackFideId "34609016"]
[EventCountry "GER"]
[EventRounds "9"]
[EventType "swiss"]
[EventDate "2022.06.04"]

1. c4 {[%clk 01:30:34]} {[%emt 00:00:25]} Nf6 {[%clk 01:30:28]} {[%emt
00:00:32]} 2. g3 {[%clk 01:30:16]} {[%emt 00:00:48]} e6 {[%clk 01:30:32]}
{[%emt 00:00:27]} 3. Bg2 {[%clk 01:30:26]} {[%emt 00:00:20]} d5 {[%clk
01:30:07]} {[%emt 00:00:55]} 4. Nf3 {[%clk 01:30:32]} {[%emt 00:00:23]} c6
{[%clk 01:29:37]} {[%emt 00:01:01]} 5. Qc2 {[%clk 01:30:38]} {[%emt 00:00:24]}
Be7 {[%clk 01:29:14]} {[%emt 00:00:53]} 6. O-O {[%clk 01:30:49]} {[%emt
00:00:19]} O-O {[%clk 01:29:06]} {[%emt 00:00:39]} 7. d4 {[%clk 01:31:13]}
{[%emt 00:00:05]} b6 {[%clk 01:28:38]} {[%emt 00:00:55]} 8. Nbd2 {[%clk
01:30:35]} {[%emt 00:01:11]} Bb7 {[%clk 01:28:24]} {[%emt 00:00:41]} 9. e4
{[%clk 01:30:20]} {[%emt 00:00:47]} dxc4 {[%clk 01:28:00]} {[%emt 00:00:55]}
10. Qxc4 {[%clk 01:21:32]} {[%emt 00:09:18]} Ba6 {[%clk 01:27:18]} {[%emt
00:01:12]} 11. Qc2 {[%clk 01:19:37]} {[%emt 00:02:26]} Bxf1 {[%clk 01:26:58]}
{[%emt 00:00:50]} 12. Nxf1 {[%clk 01:19:28]} {[%emt 00:00:39]} Na6 {[%clk
01:21:03]} {[%emt 00:06:23]} 13. Qe2 {[%clk 01:13:35]} {[%emt 00:06:25]} Nb8
{[%clk 01:17:21]} {[%emt 00:04:11]} 14. Bf4 {[%clk 01:12:18]} {[%emt 00:01:47]}
Nbd7 {[%clk 01:14:46]} {[%emt 00:03:04]} 15. Ne5 {[%clk 01:09:36]} {[%emt
00:03:13]} Rc8 {[%clk 01:10:47]} {[%emt 00:04:19]} 16. Rd1 {[%clk 01:08:14]}
{[%emt 00:02:02]} Nxe5 {[%clk 01:05:04]} {[%emt 00:06:13]} 17. dxe5 {[%clk
01:05:50]} {[%emt 00:02:54]} Nd7 {[%clk 01:05:11]} {[%emt 00:00:22]} 18. Qg4
{[%clk 01:02:46]} {[%emt 00:03:35]} Qc7 {[%clk 00:59:49]} {[%emt 00:05:51]} 19.
Bh6 {[%clk 01:02:41]} {[%emt 00:00:36]} g6 {[%clk 00:59:26]} {[%emt 00:00:53]}
20. Bxf8 {[%clk 01:02:31]} {[%emt 00:00:40]} Nxe5 {[%clk 00:57:54]} {[%emt
00:02:01]} 21. Qe2 {[%clk 01:01:57]} {[%emt 00:01:05]} Bxf8 {[%clk 00:57:08]}
{[%emt 00:01:16]} 22. f4 {[%clk 01:00:11]} {[%emt 00:02:16]} Nd7 {[%clk
00:52:50]} {[%emt 00:04:47]} 23. Qf3 {[%clk 00:55:53]} {[%emt 00:04:49]} Rd8
{[%clk 00:48:37]} {[%emt 00:04:43]} 24. Kh1 {[%clk 00:41:34]} {[%emt 00:14:49]}
Bc5 {[%clk 00:45:24]} {[%emt 00:03:43]} 25. e5 {[%clk 00:39:17]} {[%emt
00:02:48]} Nb8 {[%clk 00:45:27]} {[%emt 00:00:27]} 26. g4 {[%clk 00:31:05]}
{[%emt 00:08:41]} Rxd1 {[%clk 00:41:00]} {[%emt 00:04:57]} 27. Qxd1 {[%clk
00:31:32]} {[%emt 00:00:03]} Qe7 {[%clk 00:41:14]} {[%emt 00:00:13]} 28. g5
{[%clk 00:27:46]} {[%emt 00:04:18]} b5 {[%clk 00:38:50]} {[%emt 00:02:54]} 29.
Qc1 {[%clk 00:13:58]} {[%emt 00:14:17]} Bb6 {[%clk 00:38:15]} {[%emt 00:01:06]}
30. Bf3 {[%clk 00:09:37]} {[%emt 00:04:52]} Qc5 {[%clk 00:36:56]} {[%emt
00:01:48]} 31. Qxc5 {[%clk 00:09:42]} {[%emt 00:00:25]} Bxc5 {[%clk 00:37:21]}
{[%emt 00:00:05]} 32. Kg2 {[%clk 00:10:08]} {[%emt 00:00:03]} Kf8 {[%clk
00:37:21]} {[%emt 00:00:30]} 33. Kg3 {[%clk 00:10:12]} {[%emt 00:00:27]} Ke7
{[%clk 00:37:27]} {[%emt 00:00:23]} 34. Nd2 {[%clk 00:10:36]} {[%emt 00:00:05]}
Bd4 {[%clk 00:36:59]} {[%emt 00:00:58]} 35. b3 {[%clk 00:10:34]} {[%emt
00:00:33]} c5 {[%clk 00:36:47]} {[%emt 00:00:42]} 36. Be2 {[%clk 00:06:21]}
{[%emt 00:04:43]} a6 {[%clk 00:34:25]} {[%emt 00:02:53]} 37. Kf3 {[%clk
00:05:41]} {[%emt 00:01:09]} Nc6 {[%clk 00:33:05]} {[%emt 00:01:50]} 38. a3
{[%clk 00:03:14]} {[%emt 00:02:57]} Bb2 {[%clk 00:30:20]} {[%emt 00:03:15]} 39.
a4 {[%clk 00:02:56]} {[%emt 00:00:49]} bxa4 {[%clk 00:30:20]} {[%emt 00:00:30]}
40. bxa4 {[%clk 00:03:16]} {[%emt 00:00:09]} a5 {[%clk 00:29:52]} {[%emt
00:00:58]} 41. Nb3 {[%clk 00:01:40]} {[%emt 00:02:05]} Nd4+ {[%clk 00:30:13]}
{[%emt 00:00:09]} 42. Nxd4 {[%clk 00:02:05]} {[%emt 00:00:05]} Bxd4 {[%clk
00:30:27]} {[%emt 00:00:16]} 43. Bc4 {[%clk 00:01:50]} {[%emt 00:00:46]} Bc3
{[%clk 00:29:45]} {[%emt 00:01:12]} 44. Ke4 {[%clk 00:01:52]} {[%emt 00:00:28]}
Bb4 {[%clk 00:30:02]} {[%emt 00:00:13]} 45. Kf3 {[%clk 00:02:13]} {[%emt
00:00:08]} Bc3 {[%clk 00:29:36]} {[%emt 00:00:56]} 46. Ke4 {[%clk 00:02:38]}
{[%emt 00:00:04]} Bd4 {[%clk 00:29:32]} {[%emt 00:00:32]} 47. Kf3 {[%clk
00:02:43]} {[%emt 00:00:28]} Kf8 {[%clk 00:29:32]} {[%emt 00:00:30]} 48. Bd3
{[%clk 00:00:59]} {[%emt 00:02:14]} Kg7 {[%clk 00:29:22]} {[%emt 00:00:41]} 49.
Bc4 {[%clk 00:01:14]} {[%emt 00:00:15]} h6 {[%clk 00:29:14]} {[%emt 00:00:37]}
50. h4 {[%emt 00:04:24]} 1/2-1/2

[Event "DEM U12 2022"]
[Site "Willingen GER"]
[Date "2022.06.11"]
[Round "9"]
[White "Kulkovets, Roman"]
[Black "Hellenbroich, Hanno"]
[Result "1-0"]
[Termination "normal"]
[Board "21"]
[WhiteElo "1099"]
[BlackElo "1274"]
[WhiteClock "00:54:05"]
[BlackClock "00:40:08"]
[PlyCount "129"]
[WhiteFideId "34119272"]
[BlackFideId "16270762"]
[EventCountry "GER"]
[EventRounds "9"]
[EventType "swiss"]
[EventDate "2022.06.04"]

1. e4 {[%emt 00:00:16]} c5 {[%clk 01:30:46]} 2. Nf3 {[%clk 01:31:23]} {[%emt
00:00:05]} d6 {[%clk 01:31:10]} {[%emt 00:00:07]} 3. d4 {[%clk 01:31:48]}
{[%emt 00:00:04]} cxd4 {[%clk 01:31:35]} {[%emt 00:00:06]} 4. Nxd4 {[%clk
01:32:13]} {[%emt 00:00:04]} Nf6 {[%clk 01:32:01]} {[%emt 00:00:04]} 5. Nc3
{[%clk 01:32:36]} {[%emt 00:00:07]} g6 {[%clk 01:32:27]} {[%emt 00:00:04]} 6.
f3 {[%clk 01:32:56]} {[%emt 00:00:11]} Bg7 {[%clk 01:32:51]} {[%emt 00:00:05]}
7. Be3 {[%clk 01:33:19]} {[%emt 00:00:06]} Nc6 {[%clk 01:33:11]} {[%emt
00:00:11]} 8. Qd2 {[%clk 01:33:15]} {[%emt 00:00:34]} O-O {[%clk 01:33:33]}
{[%emt 00:00:08]} 9. Bc4 {[%clk 01:32:52]} {[%emt 00:00:52]} Bd7 {[%clk
01:32:21]} {[%emt 00:01:43]} 10. O-O-O {[%clk 01:33:12]} {[%emt 00:00:10]} Rc8
{[%clk 01:32:34]} {[%emt 00:00:17]} 11. Bb3 {[%clk 01:33:37]} {[%emt 00:00:05]}
a5 {[%clk 01:31:44]} {[%emt 00:01:20]} 12. a3 {[%clk 00:57:53]} {[%emt
00:36:15]} Nxd4 {[%clk 01:31:01]} {[%emt 00:01:12]} 13. Bxd4 {[%clk 00:56:17]}
{[%emt 00:02:06]} b5 {[%clk 01:31:25]} {[%emt 00:00:07]} 14. Nd5 {[%clk
00:56:17]} {[%emt 00:00:29]} Rb8 {[%clk 01:27:23]} {[%emt 00:04:32]} 15. Nxf6+
{[%clk 00:56:09]} {[%emt 00:00:38]} exf6 {[%clk 01:27:39]} {[%emt 00:00:14]}
16. Bc3 {[%clk 00:56:13]} {[%emt 00:00:26]} b4 {[%clk 01:19:10]} {[%emt
00:09:00]} 17. axb4 {[%clk 00:55:29]} {[%emt 00:01:13]} axb4 {[%clk 01:19:32]}
{[%emt 00:00:08]} 18. Bxb4 {[%clk 00:54:52]} {[%emt 00:01:08]} Bh6 {[%clk
01:19:50]} {[%emt 00:00:11]} 19. Qxh6 {[%clk 00:55:14]} {[%emt 00:00:07]} Rxb4
{[%emt 00:00:08]} 20. Qf4 {[%clk 00:54:28]} {[%emt 00:01:15]} Qa5 {[%clk
01:04:27]} {[%emt 00:16:17]} 21. Qxd6 {[%clk 00:51:19]} {[%emt 00:03:40]} Qa1+
{[%clk 01:03:23]} {[%emt 00:01:34]} 22. Kd2 {[%clk 00:49:31]} {[%emt 00:02:17]}
Qa5 {[%clk 01:03:49]} {[%emt 00:00:05]} 23. Ke2 {[%clk 00:47:33]} {[%emt
00:02:28]} Bb5+ {[%clk 01:03:25]} {[%emt 00:00:54]} 24. Kf2 {[%clk 00:47:53]}
{[%emt 00:00:10]} Bc4 {[%clk 00:58:40]} {[%emt 00:05:14]} 25. Rd4 {[%clk
00:43:42]} {[%emt 00:04:41]} Qa7 {[%clk 00:58:32]} {[%emt 00:00:38]} 26. Rhd1
{[%clk 00:43:01]} {[%emt 00:01:11]} Rfb8 {[%clk 00:57:27]} {[%emt 00:01:35]}
27. Bxc4 {[%clk 00:43:21]} {[%emt 00:00:10]} Rxc4 {[%clk 00:57:25]} {[%emt
00:00:32]} 28. Qxb8+ {[%clk 00:43:49]} {[%emt 00:00:02]} Qxb8 {[%emt 00:00:21]}
29. Rd8+ {[%clk 00:44:17]} {[%emt 00:00:01]} Qxd8 {[%clk 00:57:53]} {[%emt
00:00:12]} 30. Rxd8+ {[%clk 00:44:43]} {[%emt 00:00:04]} Kg7 {[%clk 00:58:15]}
31. c3 {[%clk 00:45:07]} {[%emt 00:00:13]} Rc5 {[%clk 00:57:55]} 32. Ke3 {[%emt
00:01:01]} Rg5 33. Rd2 f5 34. b4 fxe4 35. Kxe4 {[%clk 00:45:26]} Kf6 {[%emt
00:02:27]} 36. g4 {[%clk 00:46:25]} {[%emt 00:00:08]} Re5+ {[%clk 00:58:44]}
{[%emt 00:00:07]} 37. Kf4 {[%clk 00:46:47]} {[%emt 00:00:07]} g5+ {[%clk
00:59:09]} {[%emt 00:00:06]} 38. Kg3 {[%clk 00:47:13]} {[%emt 00:00:04]} Re3
{[%clk 00:59:29]} {[%emt 00:00:10]} 39. c4 {[%clk 00:47:37]} {[%emt 00:00:07]}
Rb3 {[%clk 00:59:28]} {[%emt 00:00:30]} 40. b5 {[%clk 00:47:56]} {[%emt
00:00:10]} Rc3 {[%clk 00:59:52]} {[%emt 00:00:06]} 41. Rd4 {[%clk 00:48:21]}
{[%emt 00:00:04]} Ke5 {[%clk 01:00:12]} {[%emt 00:00:10]} 42. Rd5+ {[%clk
00:48:36]} {[%emt 00:00:17]} Ke6 {[%clk 01:00:02]} {[%emt 00:00:39]} 43. Rc5
{[%clk 00:48:25]} {[%emt 00:00:42]} Kd6 {[%clk 00:59:17]} {[%emt 00:01:15]} 44.
Rc6+ {[%clk 00:48:41]} {[%emt 00:00:13]} Kd7 {[%clk 00:59:41]} {[%emt
00:00:06]} 45. c5 {[%clk 00:48:46]} {[%emt 00:00:25]} Rc4 {[%clk 00:58:00]}
{[%emt 00:02:10]} 46. Rf6 {[%clk 00:48:23]} {[%emt 00:00:54]} Ke7 {[%clk
00:58:14]} {[%emt 00:00:16]} 47. b6 {[%clk 00:48:44]} {[%emt 00:00:09]} Rxc5
{[%clk 00:56:40]} {[%emt 00:02:04]} 48. Rf5 {[%clk 00:49:10]} {[%emt 00:00:04]}
Rc8 {[%clk 00:49:32]} {[%emt 00:07:39]} 49. Rxg5 {[%clk 00:49:33]} {[%emt
00:00:06]} Rb8 {[%clk 00:49:56]} {[%emt 00:00:06]} 50. Rb5 {[%clk 00:49:57]}
{[%emt 00:00:05]} Kd7 {[%clk 00:49:43]} {[%emt 00:00:43]} 51. b7 {[%clk
00:50:22]} {[%emt 00:00:06]} Kc6 {[%clk 00:49:49]} {[%emt 00:00:23]} 52. Rb2
{[%clk 00:50:10]} {[%emt 00:00:43]} Kd6 {[%emt 00:00:21]} 53. Kf4 {[%clk
00:50:36]} {[%emt 00:00:03]} Ke6 {[%clk 00:49:14]} {[%emt 00:01:16]} 54. Kg5
{[%clk 00:50:59]} {[%emt 00:00:06]} f6+ {[%clk 00:49:01]} {[%emt 00:00:43]} 55.
Kh6 {[%clk 00:51:12]} {[%emt 00:00:17]} Ke5 {[%clk 00:49:13]} {[%emt 00:00:18]}
56. Kxh7 {[%clk 00:51:32]} {[%emt 00:00:10]} Kf4 {[%clk 00:46:42]} {[%emt
00:00:35]} 57. Rb3 Kg5 {[%emt 00:03:04]} 58. h3 {[%clk 00:52:20]} {[%emt
00:00:04]} Kh4 {[%clk 00:45:32]} {[%emt 00:01:40]} 59. f4 {[%clk 00:52:45]}
{[%emt 00:00:05]} f5 {[%clk 00:43:53]} {[%emt 00:02:09]} 60. g5 {[%clk
00:53:00]} {[%emt 00:00:16]} Kh5 {[%clk 00:43:39]} {[%emt 00:00:43]} 61. g6
{[%clk 00:53:28]} {[%emt 00:00:02]} Kh4 {[%clk 00:42:57]} {[%emt 00:01:12]} 62.
g7 {[%clk 00:53:52]} {[%emt 00:00:06]} Re8 {[%clk 00:41:04]} {[%emt 00:02:23]}
63. b8=Q {[%clk 00:53:37]} {[%emt 00:00:45]} Re7 {[%clk 00:41:05]} {[%emt
00:00:29]} 64. Qh8 {[%clk 00:53:49]} {[%emt 00:00:18]} Re6 {[%clk 00:40:08]}
{[%emt 00:01:28]} 65. Qd8+ {[%clk 00:54:05]} {[%emt 00:00:14]} 1-0